Técnica de la cerámica
Guardat en:
| Autor principal: | |
|---|---|
| Format: | Llibre |
| Idioma: | espanyol |
| Publicat: |
Barcelona
Ediciones Omega S. A
1952
|
| Edició: | 1a. ed |
| Matèries: | |
| Etiquetes: |
Afegir etiqueta
Sense etiquetes, Sigues el primer a etiquetar aquest registre!
|
MARC
| LEADER | 00000cam a2200000 a 4500 | ||
|---|---|---|---|
| 001 | UCC6727 | ||
| 003 | CL-VaPUC | ||
| 005 | 20240802150137.0 | ||
| 008 | 190103e19520000sp |||||||||||||||||spa|d | ||
| 999 | |c 373594 |d 373592 | ||
| 040 | |c Pontificia Universidad Católica de Valparaíso | ||
| 082 | 0 | 4 | |a 738 |b HAL |2 21 |
| 100 | 0 | |a Hald, Peder |e author |9 601203 | |
| 245 | 1 | 0 | |a Técnica de la cerámica |
| 250 | |a 1a. ed | ||
| 260 | |a Barcelona |b Ediciones Omega S. A |c 1952 | ||
| 300 | |a 319 p | ||
| 583 | |a last modification |c 20190103 17:32:00 |k Rodrigo Vera | ||
| 650 | 0 | |a ceramica |2 CL-VaPUC |9 262882 | |
| 650 | 0 | |a Artesanía |9 353181 | |
| 650 | 0 | |a ceramica en la arquitectura |9 889183 | |
| 650 | 0 | |a ceramica industrial |9 310288 | |
| 942 | |c BK |2 ddc | ||
| 945 | |d 20190103 17:32:00 |a dcastane | ||
| 952 | |0 0 |1 0 |3 erd |4 0 |6 738_000000000000000_HAL_1952 |7 0 |8 A |9 491788 |a BIBING |b BIBING |i 5527236 |o 738 HAL 1952 |p 5527236 |r 2025-01-20 |w 2019-11-24 |y BK |z Catalogado en:20190103 |k EIQ | ||